[Event "Senior Women Russian Championship 2022_HL"]
[Site "Saint-Petersburg, Russia"]
[Date "2022.09.29"]
[Round "6.6"]
[White "Khropova, Larisa"]
[Black "Kuznetsova, Luba"]
[Result "1-0"]
[TimeControl "Standard: 90min/40moves+30min/end+30sec increment per move starting from move 1"]
[WhiteElo "2031"]
[BlackElo "1935"]

1. Nf3 {[%clk 01:30:59]} {[%emt 00:36:16]} Nf6 {[%clk 01:30:59]} {[%emt
00:00:02]} 2. g3 {[%clk 01:31:27]} {[%emt 00:00:01]} b6 {[%clk 01:31:27]}
{[%emt 00:00:02]} 3. Bg2 {[%clk 01:31:55]} {[%emt 00:00:02]} Bb7 {[%clk
01:31:55]} {[%emt 00:00:02]} 4. O-O {[%clk 01:32:22]} {[%emt 00:00:03]} g6
{[%clk 01:32:24]} {[%emt 00:00:01]} 5. b3 {[%clk 01:32:51]} {[%emt 00:00:02]}
Bg7 {[%clk 01:32:52]} {[%emt 00:00:02]} 6. Bb2 {[%clk 01:33:19]} {[%emt
00:00:01]} O-O {[%clk 01:33:20]} {[%emt 00:00:02]} 7. c4 {[%clk 01:33:47]}
{[%emt 00:00:02]} c5 {[%clk 01:33:49]} {[%emt 00:00:01]} 8. Qc2 {[%clk
01:34:15]} {[%emt 00:00:02]} Nc6 {[%clk 01:34:17]} {[%emt 00:00:02]} 9. a3
{[%clk 01:34:42]} {[%emt 00:00:03]} d6 {[%clk 01:34:45]} {[%emt 00:00:02]} 10.
e3 {[%clk 01:35:10]} {[%emt 00:00:02]} Rb8 {[%clk 01:35:13]} {[%emt 00:00:02]}
11. Nc3 {[%clk 01:35:38]} {[%emt 00:00:02]} e6 {[%clk 01:35:41]} {[%emt
00:00:02]} 12. Rfd1 {[%clk 01:36:06]} {[%emt 00:00:02]} Qe7 {[%clk 01:36:09]}
{[%emt 00:00:02]} 13. d4 {[%clk 01:36:34]} {[%emt 00:00:03]} Na5 {[%clk
01:36:37]} {[%emt 00:00:02]} 14. d5 {[%clk 01:37:03]} e5 {[%clk 01:37:05]}
{[%emt 00:00:02]} 15. e4 {[%clk 01:37:31]} Bc8 {[%clk 01:37:34]} {[%emt
00:00:02]} 16. h3 {[%clk 01:37:59]} {[%emt 00:00:02]} Nh5 {[%clk 01:38:02]} 17.
Rf1 {[%clk 01:38:27]} {[%emt 00:00:03]} f5 {[%clk 01:38:29]} {[%emt 00:00:02]}
18. Rae1 {[%clk 01:38:51]} {[%emt 00:00:06]} fxe4 {[%emt 00:00:06]} 19. Nd2
{[%clk 01:39:18]} {[%emt 00:00:02]} a6 {[%clk 01:39:23]} {[%emt 00:00:02]} 20.
b4 {[%clk 01:39:46]} {[%emt 00:00:02]} Nb7 {[%clk 01:39:51]} {[%emt 00:00:01]}
21. Ndxe4 {[%clk 01:40:12]} {[%emt 00:00:04]} Bd7 {[%clk 01:40:19]} {[%emt
00:00:02]} 22. Bc1 {[%clk 01:40:40]} {[%emt 00:00:02]} h6 {[%clk 01:40:47]}
{[%emt 00:00:03]} 23. Be3 {[%clk 01:41:06]} {[%emt 00:00:02]} Kh7 {[%clk
01:41:15]} {[%emt 00:00:03]} 24. Rb1 {[%clk 01:41:34]} {[%emt 00:00:02]} Nf6
{[%clk 01:41:43]} {[%emt 00:00:02]} 25. Rb2 {[%clk 01:42:02]} {[%emt 00:00:02]}
Nxe4 {[%clk 01:42:11]} {[%emt 00:00:02]} 26. Nxe4 {[%clk 01:42:29]} {[%emt
00:00:03]} Rfc8 {[%clk 01:42:37]} {[%emt 00:00:04]} 27. Qe2 {[%clk 01:42:58]}
{[%emt 00:00:01]} b5 {[%clk 01:43:06]} {[%emt 00:00:02]} 28. bxc5 {[%clk
01:43:25]} {[%emt 00:00:03]} Nxc5 {[%clk 01:43:34]} {[%emt 00:00:02]} 29. Bxc5
{[%clk 01:43:53]} {[%emt 00:00:02]} dxc5 {[%clk 01:44:01]} {[%emt 00:00:03]} 30.
Rfb1 {[%clk 01:44:17]} {[%emt 00:00:06]} Qf8 {[%clk 01:44:29]} {[%emt
00:00:02]} 31. Qd2 {[%clk 01:44:45]} {[%emt 00:00:02]} Ra8 {[%clk 01:44:57]}
{[%emt 00:00:03]} 32. Qe2 {[%clk 01:45:12]} {[%emt 00:00:03]} Qe7 {[%clk
01:45:25]} {[%emt 00:00:01]} 33. Qc2 {[%clk 01:45:39]} {[%emt 00:00:03]} Qf8
{[%clk 01:45:45]} {[%emt 00:00:11]} 34. Qd2 {[%clk 01:46:07]} Ra7 {[%clk
01:46:13]} {[%emt 00:00:02]} 35. h4 {[%clk 01:46:35]} {[%emt 00:00:02]} bxc4
{[%clk 01:46:40]} {[%emt 00:00:03]} 36. Rb7 {[%clk 01:47:03]} {[%emt 00:00:02]}
Rc7 {[%clk 01:47:08]} {[%emt 00:00:03]} 37. Rb8 {[%clk 01:47:31]} {[%emt
00:00:01]} Rc8 {[%clk 01:47:37]} 38. R8b6 {[%clk 01:47:59]} {[%emt 00:00:02]}
Bb5 {[%clk 01:48:05]} {[%emt 00:00:01]} 39. Qa5 {[%clk 01:48:26]} {[%emt
00:00:02]} Qe7 {[%clk 01:48:34]} {[%emt 00:00:03]} 40. Bh3 {[%clk 02:18:53]}
{[%emt 00:00:02]} Rf8 {[%clk 02:19:00]} {[%emt 00:00:04]} 41. Bg2 {[%clk
02:19:20]} {[%emt 00:00:04]} c3 {[%clk 02:19:29]} {[%emt 00:00:02]} 42. Qxc3
{[%clk 02:19:49]} {[%emt 00:00:01]} Rc8 {[%clk 02:19:56]} {[%emt 00:00:02]} 43.
Qf3 {[%clk 02:20:17]} {[%emt 00:00:02]} Rf8 {[%clk 02:20:25]} {[%emt 00:00:02]}
44. Qg4 {[%clk 02:20:45]} {[%emt 00:00:02]} Qf7 {[%clk 02:20:53]} {[%emt
00:00:02]} 45. Qd1 {[%clk 02:21:12]} {[%emt 00:00:02]} Qc7 {[%clk 02:21:20]}
{[%emt 00:00:02]} 46. Rd6 {[%clk 02:21:40]} {[%emt 00:00:02]} Qa5 {[%clk
02:21:48]} {[%emt 00:00:03]} 47. Qg4 {[%clk 02:22:06]} {[%emt 00:00:04]} Bd3
{[%clk 02:22:16]} {[%emt 00:00:02]} 48. Qxg6+ {[%clk 02:22:34]} {[%emt
00:00:02]} Kh8 {[%clk 02:22:42]} {[%emt 00:00:04]} 49. Rb2 {[%clk 02:23:03]}
{[%emt 00:00:01]} Qxa3 {[%clk 02:23:08]} {[%emt 00:00:04]} 50. Rdb6 {[%clk
02:23:26]} {[%emt 00:00:06]} Qa1+ {[%clk 02:23:36]} {[%emt 00:00:02]} 51. Kh2
{[%clk 02:23:55]} {[%emt 00:00:02]} Bb5 {[%clk 02:24:04]} {[%emt 00:00:02]} 52.
Rd2 {[%clk 02:24:17]} {[%emt 00:00:04]} Raf7 {[%clk 02:24:28]} {[%emt
00:00:10]} 53. Bh3 {[%clk 02:24:44]} {[%emt 00:00:03]} Qe1 {[%clk 02:24:56]}
{[%emt 00:00:01]} 54. Rb8 {[%emt 00:00:11]} Rxb8 {[%clk 02:25:10]} {[%emt
00:00:10]} 55. Qxf7 {[%clk 02:25:39]} {[%emt 00:00:02]} Be8 {[%clk 02:25:35]}
{[%emt 00:00:04]} 56. Qf3 {[%clk 02:26:06]} {[%emt 00:00:02]} Rb1 {[%clk
02:26:03]} {[%emt 00:00:03]} 57. Bg2 {[%clk 02:26:33]} {[%emt 00:00:03]} Bd7
{[%clk 02:26:27]} {[%emt 00:00:06]} 58. g4 {[%clk 02:27:02]} Qg1+ {[%clk
02:26:56]} {[%emt 00:00:01]} 59. Kg3 {[%clk 02:27:27]} {[%emt 00:00:04]} c4
{[%clk 02:27:25]} {[%emt 00:00:02]} 60. Qf7 {[%clk 02:27:54]} {[%emt 00:00:03]}
Rb3+ {[%clk 02:27:52]} {[%emt 00:00:03]} 61. f3 {[%clk 02:28:09]} {[%emt
00:00:15]} Bxg4 {[%clk 02:28:17]} {[%emt 00:00:05]} 62. Kxg4 {[%clk 02:28:36]}
{[%emt 00:00:02]} 1-0

[Event "Senior Women Russian Championship 2022_HL"]
[Site "Saint-Petersburg, Russia"]
[Date "2022.09.29"]
[Round "6.3"]
[White "Bogumil, Tatiana"]
[Black "Sirotkina, Nina"]
[Result "1-0"]
[TimeControl "Standard: 90min/40moves+30min/end+30sec increment per move starting from move 1"]
[WhiteElo "2182"]
[BlackElo "2190"]

1. Nf3 {[%clk 01:30:59]} {[%emt 00:07:22]} d5 {[%clk 01:30:58]} {[%emt
00:00:03]} 2. g3 {[%clk 01:31:27]} {[%emt 00:00:02]} c6 {[%clk 01:31:26]}
{[%emt 00:00:03]} 3. Bg2 {[%clk 01:31:54]} {[%emt 00:00:03]} Bf5 {[%clk
01:31:52]} {[%emt 00:00:04]} 4. b3 {[%clk 01:32:21]} {[%emt 00:00:04]} e6
{[%clk 01:32:17]} {[%emt 00:00:04]} 5. Bb2 {[%clk 01:32:48]} {[%emt 00:00:03]}
Nf6 {[%clk 01:32:42]} {[%emt 00:00:06]} 6. d3 {[%clk 01:33:08]} {[%emt
00:00:10]} h6 {[%clk 01:33:05]} {[%emt 00:00:06]} 7. Nbd2 {[%clk 01:33:35]}
{[%emt 00:00:03]} Be7 {[%clk 01:33:32]} {[%emt 00:00:03]} 8. O-O {[%clk
01:34:02]} {[%emt 00:00:03]} O-O {[%clk 01:33:59]} {[%emt 00:00:03]} 9. c4
{[%clk 01:34:30]} {[%emt 00:00:03]} Nbd7 {[%clk 01:34:26]} {[%emt 00:00:02]} 10.
Qc2 {[%clk 01:34:57]} {[%emt 00:00:03]} Bh7 {[%clk 01:34:53]} {[%emt 00:00:02]}
11. a3 {[%clk 01:35:18]} {[%emt 00:00:11]} a5 {[%clk 01:35:19]} {[%emt
00:00:03]} 12. Rad1 {[%clk 01:35:29]} {[%emt 00:00:19]} Re8 {[%clk 01:35:45]}
{[%emt 00:00:05]} 13. Qc1 {[%clk 01:35:56]} {[%emt 00:00:03]} Bf8 {[%clk
01:36:13]} {[%emt 00:00:01]} 14. Qa1 {[%clk 01:36:21]} {[%emt 00:00:04]} Qe7
{[%clk 01:36:40]} {[%emt 00:00:03]} 15. Ne5 {[%clk 01:36:48]} {[%emt 00:00:04]}
Nxe5 {[%clk 01:37:07]} {[%emt 00:00:03]} 16. Bxe5 {[%clk 01:37:15]} {[%emt
00:00:02]} Nd7 {[%clk 01:37:04]} {[%emt 00:00:34]} 17. Bb2 {[%clk 01:37:41]}
{[%emt 00:00:04]} b5 {[%clk 01:37:27]} {[%emt 00:00:07]} 18. a4 {[%clk
01:38:09]} {[%emt 00:00:03]} bxc4 {[%clk 01:37:55]} {[%emt 00:00:01]} 19. bxc4
{[%clk 01:38:36]} {[%emt 00:00:02]} Nc5 {[%clk 01:38:23]} {[%emt 00:00:03]} 20.
d4 {[%clk 01:39:05]} {[%emt 00:00:01]} Na6 {[%clk 01:38:50]} {[%emt 00:00:03]}
21. e4 {[%clk 01:39:03]} {[%emt 00:00:32]} Nb4 {[%clk 01:39:18]} {[%emt
00:00:02]} 22. Bc3 {[%clk 01:39:31]} {[%emt 00:00:02]} Qd7 {[%clk 01:39:41]}
{[%emt 00:00:07]} 23. c5 {[%clk 01:39:52]} {[%emt 00:00:09]} dxe4 {[%clk
01:40:07]} {[%emt 00:00:04]} 24. Bxb4 {[%clk 01:40:18]} {[%emt 00:00:04]} axb4
{[%clk 01:40:34]} {[%emt 00:00:03]} 25. Nc4 {[%clk 01:40:45]} {[%emt 00:00:03]}
Qc7 {[%clk 01:41:01]} {[%emt 00:00:03]} 26. Nb6 {[%clk 01:41:12]} {[%emt
00:00:03]} Rad8 {[%clk 01:41:28]} {[%emt 00:00:03]} 27. Qb2 {[%clk 01:41:40]}
{[%emt 00:00:02]} e5 {[%clk 01:41:51]} {[%emt 00:00:07]} 28. Qxb4 {[%clk
01:42:07]} {[%emt 00:00:03]} exd4 {[%clk 01:42:17]} {[%emt 00:00:04]} 29. Rxd4
{[%clk 01:42:35]} {[%emt 00:00:02]} Rxd4 {[%clk 01:42:26]} {[%emt 00:00:21]} 30.
Qxd4 {[%clk 01:43:03]} {[%emt 00:00:02]} Rd8 {[%clk 01:42:50]} {[%emt
00:00:06]} 31. Qc4 {[%clk 01:43:32]} {[%emt 00:00:01]} Qe5 {[%clk 01:43:16]}
{[%emt 00:00:04]} 32. Rc1 {[%clk 01:43:50]} {[%emt 00:00:12]} e3 {[%clk
01:43:44]} {[%emt 00:00:02]} 33. fxe3 {[%clk 01:44:19]} {[%emt 00:00:02]} Qxe3+
{[%clk 01:44:11]} {[%emt 00:00:02]} 34. Kh1 {[%clk 01:44:46]} {[%emt 00:00:03]}
Rd4 {[%clk 01:44:37]} {[%emt 00:00:04]} 35. Qf1 {[%clk 01:45:09]} {[%emt
00:00:07]} Rd2 {[%clk 01:44:59]} {[%emt 00:00:08]} 36. Nc4 {[%clk 01:45:38]}
Qd4 {[%clk 01:45:25]} {[%emt 00:00:05]} 37. Nxd2 {[%clk 01:46:06]} Qxd2 {[%clk
01:45:52]} {[%emt 00:00:02]} 38. Bxc6 {[%clk 01:46:29]} {[%emt 00:00:08]} Bd3
{[%clk 01:46:17]} {[%emt 00:00:04]} 39. Qe1 {[%clk 01:46:58]} {[%emt 00:00:02]}
Qg5 {[%clk 01:46:46]} {[%emt 00:00:01]} 40. Rc3 {[%clk 02:17:14]} {[%emt
00:00:14]} Qf5 {[%clk 02:17:15]} {[%emt 00:00:01]} 41. Bg2 {[%clk 02:17:41]}
{[%emt 00:00:03]} h5 {[%clk 02:17:39]} {[%emt 00:00:06]} 42. c6 {[%clk
02:18:08]} {[%emt 00:00:03]} Ba6 {[%clk 02:18:06]} {[%emt 00:00:03]} 43. Re3
{[%clk 02:18:31]} {[%emt 00:00:07]} 1-0

[Event "Senior Women Russian Championship 2022_HL"]
[Site "Saint-Petersburg, Russia"]
[Date "2022.09.30"]
[Round "7.2"]
[White "Sazonova, Elena N."]
[Black "Bogumil, Tatiana"]
[Result "1/2-1/2"]
[TimeControl "Standard: 90min/40moves+30min/end+30sec increment per move starting from move 1"]
[WhiteElo "2120"]
[BlackElo "2182"]

1. e4 {[%clk 01:30:58]} d6 {[%clk 01:29:54]} {[%emt 00:01:06]} 2. d4 {[%clk
01:31:00]} {[%emt 00:00:28]} g6 {[%clk 01:30:02]} {[%emt 00:00:23]} 3. Nc3
{[%clk 01:31:09]} Bg7 {[%clk 01:30:26]} {[%emt 00:00:26]} 4. Be3 {[%clk
01:31:05]} c6 {[%clk 01:28:37]} {[%emt 00:02:53]} 5. a4 {[%clk 01:28:22]}
{[%emt 00:03:13]} a5 {[%clk 01:28:18]} {[%emt 00:00:49]} 6. Qd2 {[%clk
01:22:44]} {[%emt 00:06:08]} Na6 {[%clk 01:27:59]} {[%emt 00:00:50]} 7. Be2
{[%clk 01:18:09]} {[%emt 00:05:04]} h6 {[%clk 01:27:35]} {[%emt 00:00:55]} 8.
h3 {[%clk 01:16:29]} {[%emt 00:02:10]} Nf6 {[%clk 01:27:19]} {[%emt 00:00:45]}
9. Nf3 {[%clk 01:15:58]} {[%emt 00:01:01]} d5 {[%clk 01:24:21]} {[%emt
00:03:29]} 10. exd5 {[%clk 01:13:03]} {[%emt 00:03:24]} Nxd5 {[%clk 01:20:21]}
{[%emt 00:04:30]} 11. Nxd5 {[%clk 01:12:08]} {[%emt 00:01:25]} Qxd5 {[%clk
01:20:04]} {[%emt 00:00:47]} 12. O-O {[%clk 01:05:45]} {[%emt 00:06:53]} Bf5
{[%clk 01:08:55]} {[%emt 00:11:39]} 13. Rfc1 {[%clk 00:56:36]} {[%emt
00:09:38]} g5 {[%clk 01:03:43]} {[%emt 00:05:43]} 14. Ne5 {[%clk 00:51:59]}
{[%emt 00:05:06]} Bxe5 {[%clk 00:57:26]} {[%emt 00:06:47]} 15. dxe5 {[%clk
00:52:11]} {[%emt 00:00:19]} Qxd2 {[%clk 00:41:54]} 16. Bxd2 {[%clk 00:52:30]}
{[%emt 00:00:10]} Nb4 {[%clk 00:41:02]} {[%emt 00:01:22]} 17. Bxb4 {[%clk
00:52:28]} {[%emt 00:00:33]} axb4 {[%clk 00:41:25]} {[%emt 00:00:07]} 18. c3
{[%clk 00:52:45]} {[%emt 00:00:13]} Ra5 {[%clk 00:26:53]} {[%emt 00:15:03]} 19.
cxb4 {[%clk 00:50:46]} {[%emt 00:02:28]} Rxe5 {[%clk 00:21:35]} {[%emt
00:05:48]} 20. Bc4 {[%clk 00:48:24]} {[%emt 00:02:52]} O-O {[%clk 00:18:59]}
{[%emt 00:03:07]} 21. Re1 {[%clk 00:42:53]} {[%emt 00:06:00]} Rxe1+ {[%clk
00:17:41]} {[%emt 00:01:49]} 22. Rxe1 {[%clk 00:43:21]} {[%emt 00:00:01]} e6
{[%clk 00:17:59]} {[%emt 00:00:12]} 23. b5 {[%clk 00:38:07]} {[%emt 00:05:44]}
cxb5 {[%clk 00:15:44]} {[%emt 00:02:45]} 24. Bxb5 {[%clk 00:38:26]} {[%emt
00:00:11]} Rd8 {[%clk 00:16:06]} {[%emt 00:00:08]} 25. f3 {[%clk 00:37:10]}
{[%emt 00:01:46]} Bc2 {[%clk 00:11:43]} {[%emt 00:04:53]} 26. Re2 {[%clk
00:35:25]} {[%emt 00:02:15]} Rd1+ {[%clk 00:10:52]} {[%emt 00:01:21]} 27. Kf2
{[%clk 00:35:38]} {[%emt 00:00:17]} Bb3 {[%clk 00:10:52]} {[%emt 00:00:30]} 28.
Re1 {[%clk 00:26:23]} {[%emt 00:09:44]} Rd2+ {[%clk 00:10:33]} {[%emt
00:00:50]} 29. Re2 {[%clk 00:26:43]} {[%emt 00:00:10]} 1/2-1/2

[Event "Senior Women Russian Championship 2022_HL"]
[Site "Saint-Petersburg, Russia"]
[Date "2022.09.30"]
[Round "7.3"]
[White "Gladisheva, Tatjana"]
[Black "Ivanova, Tatiana"]
[Result "1/2-1/2"]
[TimeControl "Standard: 90min/40moves+30min/end+30sec increment per move starting from move 1"]
[WhiteElo "2162"]
[BlackElo "2127"]

1. e4 {[%clk 01:30:50]} {[%emt 00:00:10]} g6 {[%clk 01:30:34]} {[%emt
00:00:27]} 2. d4 {[%clk 01:31:12]} {[%emt 00:00:07]} Bg7 {[%clk 01:30:57]}
{[%emt 00:00:07]} 3. Nc3 {[%clk 01:31:32]} {[%emt 00:00:11]} c5 {[%clk
01:30:23]} {[%emt 00:01:03]} 4. Nf3 {[%clk 01:30:24]} {[%emt 00:01:38]} cxd4
{[%clk 01:30:07]} {[%emt 00:00:46]} 5. Nxd4 {[%clk 01:30:50]} {[%emt 00:00:05]}
Nc6 {[%clk 01:26:25]} {[%emt 00:04:11]} 6. Be3 {[%clk 01:30:17]} {[%emt
00:01:04]} d6 {[%clk 01:20:33]} {[%emt 00:06:22]} 7. Qd2 {[%clk 01:25:42]}
{[%emt 00:05:05]} Nf6 {[%clk 01:19:26]} {[%emt 00:01:36]} 8. f3 {[%clk
01:25:58]} {[%emt 00:00:14]} O-O {[%clk 01:17:10]} {[%emt 00:02:46]} 9. Be2
{[%clk 01:21:26]} {[%emt 00:05:02]} d5 {[%clk 00:56:36]} {[%emt 00:21:05]} 10.
exd5 {[%clk 01:06:56]} {[%emt 00:14:59]} Nxd5 {[%clk 00:51:30]} {[%emt
00:05:36]} 11. Nxd5 {[%clk 01:00:27]} {[%emt 00:06:59]} Qxd5 {[%clk 00:51:07]}
{[%emt 00:00:53]} 12. c4 {[%clk 01:00:45]} {[%emt 00:00:13]} Qe5 {[%clk
00:41:31]} 13. Rd1 {[%clk 00:44:11]} {[%emt 00:17:03]} Rd8 {[%clk 00:28:05]}
{[%emt 00:13:56]} 14. Nxc6 {[%clk 00:43:14]} {[%emt 00:01:28]} Rxd2 {[%clk
00:28:23]} {[%emt 00:00:11]} 15. Nxe5 {[%clk 00:43:40]} {[%emt 00:00:04]} Rxd1+
{[%clk 00:28:44]} {[%emt 00:00:09]} 16. Bxd1 {[%clk 00:43:45]} {[%emt
00:00:25]} Bxe5 {[%clk 00:29:06]} {[%emt 00:00:08]} 17. b3 {[%clk 00:37:08]}
{[%emt 00:07:07]} Bf5 {[%clk 00:23:44]} {[%emt 00:05:51]} 18. g4 {[%clk
00:37:34]} {[%emt 00:00:05]} Bb1 {[%clk 00:23:10]} {[%emt 00:01:04]} 19. f4
{[%clk 00:32:45]} {[%emt 00:05:18]} Bc3+ {[%clk 00:22:31]} {[%emt 00:01:09]} 20.
Bd2 {[%clk 00:32:18]} {[%emt 00:00:58]} Bd4 {[%clk 00:22:11]} {[%emt 00:00:50]}
21. h4 {[%clk 00:26:58]} {[%emt 00:05:51]} Bxa2 {[%clk 00:18:55]} {[%emt
00:03:45]} 22. Bc2 {[%clk 00:26:35]} {[%emt 00:00:52]} a5 {[%clk 00:19:13]}
{[%emt 00:00:13]} 23. Rh3 {[%clk 00:25:01]} {[%emt 00:02:04]} a4 {[%clk
00:18:54]} {[%emt 00:00:50]} 24. Rd3 {[%clk 00:23:56]} {[%emt 00:01:35]} Bxb3
{[%clk 00:13:39]} {[%emt 00:05:44]} 25. Bxb3 {[%clk 00:23:39]} {[%emt
00:00:47]} axb3 {[%clk 00:14:03]} {[%emt 00:00:06]} 26. Rxb3 {[%clk 00:24:04]}
{[%emt 00:00:06]} b6 {[%clk 00:12:27]} {[%emt 00:02:06]} 27. Be3 {[%clk
00:22:25]} {[%emt 00:02:08]} Bxe3 {[%clk 00:10:13]} {[%emt 00:02:44]} 28. Rxe3
{[%clk 00:22:51]} {[%emt 00:00:03]} Ra4 {[%clk 00:09:49]} {[%emt 00:00:55]} 29.
Rc3 {[%clk 00:22:37]} {[%emt 00:00:44]} Ra2 {[%clk 00:09:40]} {[%emt 00:00:38]}
30. h5 {[%clk 00:17:15]} {[%emt 00:05:53]} gxh5 {[%clk 00:09:08]} {[%emt
00:01:01]} 31. gxh5 {[%clk 00:17:41]} {[%emt 00:00:04]} Kg7 {[%clk 00:09:09]}
{[%emt 00:00:30]} 32. Rb3 {[%clk 00:17:13]} {[%emt 00:00:59]} Ra5 {[%clk
00:04:45]} {[%emt 00:04:53]} 33. h6+ {[%clk 00:15:47]} {[%emt 00:01:56]} Kxh6
{[%clk 00:05:10]} {[%emt 00:00:04]} 34. Rxb6+ {[%clk 00:16:15]} {[%emt
00:00:02]} e6 {[%clk 00:05:30]} {[%emt 00:00:11]} 35. Kf2 {[%clk 00:16:03]}
{[%emt 00:00:41]} Rc5 {[%clk 00:05:48]} {[%emt 00:00:12]} 36. Rb4 {[%clk
00:16:07]} {[%emt 00:00:26]} Kg6 {[%clk 00:05:47]} {[%emt 00:00:30]} 37. Ke3
{[%clk 00:14:36]} {[%emt 00:02:02]} h5 {[%clk 00:05:26]} {[%emt 00:00:50]} 38.
Kd4 {[%clk 00:14:34]} {[%emt 00:00:33]} Rf5 {[%clk 00:05:35]} {[%emt 00:00:21]}
39. Ke4 {[%clk 00:14:57]} {[%emt 00:00:06]} Ra5 {[%clk 00:04:30]} {[%emt
00:01:35]} 40. Kd4 {[%clk 00:43:10]} {[%emt 00:02:17]} h4 {[%clk 00:34:05]}
{[%emt 00:00:55]} 41. Rb5 {[%clk 00:40:09]} {[%emt 00:03:33]} Rxb5 {[%clk
00:30:45]} {[%emt 00:03:49]} 42. cxb5 {[%clk 00:40:32]} {[%emt 00:00:07]} h3
{[%clk 00:31:12]} {[%emt 00:00:03]} 43. b6 {[%clk 00:40:58]} {[%emt 00:00:04]}
h2 {[%clk 00:31:30]} {[%emt 00:00:10]} 44. b7 {[%clk 00:41:26]} {[%emt
00:00:04]} h1=Q {[%clk 00:31:46]} {[%emt 00:00:13]} 45. b8=Q {[%clk 00:41:49]}
{[%emt 00:00:07]} Qd5+ {[%clk 00:31:56]} {[%emt 00:00:20]} 46. Ke3 {[%clk
00:41:41]} {[%emt 00:00:38]} Kf5 {[%clk 00:32:07]} {[%emt 00:00:20]} 47. Qb1+
{[%clk 00:41:42]} {[%emt 00:00:29]} Kf6 {[%clk 00:31:09]} {[%emt 00:01:28]} 48.
Qh7 {[%clk 00:40:26]} {[%emt 00:01:46]} Qb3+ {[%clk 00:30:38]} {[%emt
00:01:01]} 49. Kf2 {[%clk 00:39:46]} {[%emt 00:01:10]} Qb2+ {[%clk 00:30:21]}
{[%emt 00:00:47]} 50. Kf3 {[%clk 00:40:09]} {[%emt 00:00:07]} Qc3+ {[%clk
00:30:34]} {[%emt 00:00:16]} 51. Kg4 {[%clk 00:38:21]} {[%emt 00:02:19]} Ke7
{[%clk 00:29:03]} {[%emt 00:02:01]} 52. Qh4+ {[%clk 00:35:41]} {[%emt
00:03:10]} f6 {[%clk 00:28:50]} {[%emt 00:00:43]} 53. Qf2 {[%clk 00:29:11]}
{[%emt 00:07:00]} f5+ {[%clk 00:28:23]} {[%emt 00:00:56]} 54. Kh4 {[%clk
00:29:18]} {[%emt 00:00:24]} Qf6+ {[%clk 00:20:15]} {[%emt 00:08:39]} 55. Kh3
{[%clk 00:27:59]} {[%emt 00:01:48]} Qh6+ {[%clk 00:19:40]} {[%emt 00:01:04]} 56.
Kg2 {[%clk 00:28:10]} {[%emt 00:00:20]} Qg6+ {[%clk 00:19:45]} {[%emt
00:00:25]} 57. Kh3 {[%clk 00:24:56]} {[%emt 00:03:43]} Qg4+ {[%clk 00:19:31]}
{[%emt 00:00:44]} 58. Kh2 {[%emt 00:00:08]} Kf7 {[%clk 00:18:42]} {[%emt
00:01:15]} 59. Qa7+ {[%clk 00:24:15]} {[%emt 00:01:37]} Kg6 {[%clk 00:18:51]}
{[%emt 00:00:21]} 60. Qc7 {[%clk 00:21:07]} {[%emt 00:03:37]} Qf3 {[%clk
00:16:37]} {[%emt 00:02:43]} 61. Qe5 {[%clk 00:19:36]} {[%emt 00:02:03]} Qe4
{[%clk 00:14:43]} {[%emt 00:02:23]} 62. Qb8 {[%clk 00:18:48]} {[%emt 00:01:19]}
Qe2+ {[%clk 00:14:21]} {[%emt 06:00:50]} 63. Kg3 {[%clk 00:18:08]} {[%emt
00:01:11]} Qg4+ {[%clk 00:13:48]} {[%emt 00:01:03]} 64. Kh2 {[%clk 00:18:28]}
{[%emt 00:00:11]} Qh4+ {[%clk 00:13:42]} {[%emt 00:00:35]} 65. Kg2 {[%clk
00:18:31]} {[%emt 00:00:26]} Kh5 {[%clk 00:11:35]} {[%emt 00:02:37]} 66. Qe5
{[%clk 00:16:44]} {[%emt 00:02:18]} Kg4 {[%clk 00:08:29]} {[%emt 00:03:36]} 67.
Qe3 {[%clk 00:17:08]} {[%emt 00:00:06]} Kh5 {[%clk 00:08:53]} {[%emt 00:00:06]}
68. Qe5 {[%clk 00:17:34]} {[%emt 00:00:04]} Qg4+ {[%clk 00:09:03]} {[%emt
00:00:20]} 69. Kh2 {[%emt 00:00:22]} Qh4+ {[%clk 00:08:27]} {[%emt 00:01:01]}
70. Kg2 {[%emt 00:09:45]} 1/2-1/2